Sistemas de indexación: estudio sobre la evolución de la organización del conocimiento en la sociedad moderna /

Guardat en:
Dades bibliogràfiques
Autor principal: Cevolini, Alberto (autor)
Altres autors: Rizo Martínez, Jorge (traducción) (traducción)
Format: Llibre
Idioma:espanyol
Publicat: México : Universidad Iberoamericana, Plantel Santa Fe, 2025, c2025
Edició:Versión reducida y actualizada
Col·lecció:(El Oficio de la Historia)
Matèries:
Etiquetes: Afegir etiqueta
Sense etiquetes, Sigues el primer a etiquetar aquest registre!

MARC

LEADER 00000nam^a2200000^a^4500
001 000629795
005 20260408000000.0
009 20260409133035.925
020 |a 978-607-2644-49-6 
037 |a Acervo ITESO - Biblioteca 
041 |a ESP 
082 |a 900.  |b OFI V. 11 
100 |a Cevolini, Alberto  |e (autor) 
245 1 0 |a Sistemas de indexación:  |b estudio sobre la evolución de la organización del conocimiento en la sociedad moderna /  |c A. Cevollini ; tr. de J. Rizo Martínez. 
250 |a Versión reducida y actualizada 
264 4 |a México :  |b Universidad Iberoamericana, Plantel Santa Fe,  |c 2025, c2025 
300 |a 227 p. 
336 |a texto  |b txt  |2 rdacontenido 
337 |a sin mediación  |b n  |2 rdamedio 
338 |a volumen  |b nc  |2 rdasoporte 
440 4 |a (El Oficio de la Historia) 
500 |a Traducción de: L'ordine del sapere. Un approccio evolutivo 
649 |a XX 
650 |a Indices -  |x Aspectos Tecnológicos -  |x Tema Principal 
650 |a Buscadores de Información -  |x Aspectos Sociales y Culturales 
650 |a Internet -  |x Aspectos Sociales y Culturales 
650 |a Tecnologías de Comunicación e Información -  |x Aspectos Sociales y Culturales 
650 |a Memoria Social 
650 |a Sociología del Conocimiento 
650 |a Epistemología 
650 |a Filosofía del Conocimiento 
700 |a Rizo Martínez, Jorge  |e (traducción) 
910 |a Fondo General 
920 |a Impresos - Libros 
930 |a Colección General 
905 |a 101 
901 |a 629795-10  |b IT1  |c ACC  |i D132172  |u 20260408 
902 |a https://opac.biblio.iteso.mx/vufind/Record/000629795